Statistiques concernant Culture Générale - Série 1930

Cliquez ici pour prendre le quiz!

Statistiques générales

  • Ce quiz a été pris 92 fois
  • Le résultat moyen est 4 sur 10

Statistiques - réponses

QuestionRéponse% Correct
Avant d'être animateur télé, quel sport de haut niveau a pratiqué David Ginola ?football
92%
Dans quel art s'est illustré Jean-Baptiste Camille Corot (1796-1875) ?peinture
77%
Sous quel pseudonyme connait-on mieux la chanteuse québécoise Béatrice Martin ? voir photocoeur de pirate
48%
Qui a écrit "Premier de cordée" en 1941 ?Roger Frison-Roche
48%
Dans quel département français coule le fleuve côtier "Elorn" ?Finistère
32%
En athlétisme, quelle française détient le record d'Europe du 100 mètres féminin depuis 1998, en 10"73 ?Christine Arron
22%
Quelle ville de l'Hérault est surnommée parfois « la perle noire de la Méditerranée » à cause de ses monuments construits en pierre basaltique ?Agde
18%
Complétez le titre de la pièce de théâtre de Bertolt Brecht : "La Résistible Ascension d'Arturo ....Ui
16%
Sous quel nom connait-on mieux Marianne Gandolfi - auteur-compositrice-interprète, guitariste et actrice française ?Marianne James
14%
C'est une ancienne monnaie du Moyen Age dont l'anagramme est "listener"esterlin
1%

Distribution des résultats

Percentile par nombre de réponses

% des personnes avec chaque résultat

Votre développement - résultats

Vous n’avez pas pris ce quiz